| 000 | 00652nam a2200229Ia 4500 | ||
|---|---|---|---|
| 003 | OSt | ||
| 005 | 20250711182158.0 | ||
| 008 | 210423s2006 xx 000 0 und d | ||
| 020 | _a761933794 | ||
| 040 | _cAL | ||
| 041 | _aEnglish | ||
| 082 |
_a070.4 _bRAJP |
||
| 100 |
_aNalini Rajan _978259 |
||
| 245 | _aPractising journalism values constraints implications | ||
| 260 |
_aNew Delhi _bSage Publications _c2006 |
||
| 300 |
_a358p. _bPB _c21.5x14cm. |
||
| 365 |
_b450 _cINR |
||
| 650 |
_aJournalism _978260 |
||
| 650 |
_aJournalism & Media _978261 |
||
| 906 | _aconstraints ; implications. ; journalism ; Practising ; values | ||
| 942 |
_2ddc _cBK |
||
| 999 |
_c156086 _d156086 |
||